The Aqquyunlu : clan, confederation, empire : a study in 15th/19th century Turko-Iranian politics /

محفوظ في:

المؤلف الرئيسي: Woods, John E.‏ (مؤلف)

التنسيق: كتاب

اللغة: English

منشور في: Minneapolis : Bibliotheca Islamica, 1976.

الموضوعات:

الوسوم: إضافة وسم

لا توجد وسوم, كن أول من يضع وسما على هذه التسجيلة!

رقم الطلب: DS27.52 .W66 1976

LEADER 00938namaa2200289 4500
001 20610
003 OSt
005 20251124100526.0
008 130303s1976 mnu b 001 0 eng d
010 |a 74027613 
020 |a 0882970119 
040 |c ARCE Library 
043 |a aw-----  |a a-tu--- 
050 4 |a DS27.52 .W66 1976 
100 1 |a Woods, John E.‏  |q (John Edwin)‏  |e author 
245 1 4 |a The Aqquyunlu :  |b clan, confederation, empire : a study in 15th/19th century Turko-Iranian politics /  |c John E. Woods. 
264 1 |a Minneapolis :  |b Bibliotheca Islamica,  |c 1976. 
300 |a x, 348 pages ;   |c 24 cm. 
500 |a A revised version of the author's thesis, Princeton University, 1974. 
504 |a Bibliography : p. [305]-329. 
650 0 |a Ak Koyunlu (Turkic people)  |9 9709 
650 0 |a Turkic peoples. 
651 0 |a Iran   |x History. 
651 0 |a Turkey   |x History. 
901 |a reviewed 
942 |c BK  |2 lcc 
999 |c 18209  |d 18209